Films avec Robert De Niro à partir du nom de son personnage - Statistiques

Statistiques générales
  • Ce quiz a été pris 102 fois
  • Le résultat moyen est 9 sur 30
Statistiques - réponses
Personnage Film % Correct
Vito Corleone Le Parrain 2
95%
Jack LaMotta Raging Bull
80%
Al Capone Les Incorruptibles
73%
Travis Bickle Taxi driver
68%
Sam "Ace" Rothstein Casino
61%
Jimmy Conway Les Affranchis
61%
David "Noodles" Aaronson Il était une fois en Amerique
53%
Franck Sheeran The Irishman
41%
Neil McCauley Heat
39%
Murray Franklin Joker
33%
Max Cady Les nerfs à vif
30%
Jack Byrnes Mon beau-père (et moi, mes parents et moi, et nous)
29%
Le père Bobby Sleepers
25%
La créature Frankenstein
23%
John "Johnny Boy" Civello Mean Streets
23%
Michael Vronsky Voyage au bout de l'enfer
20%
Louis Gara Jackie Brown
19%
Paul Vtti Mafia Blues 1 et 2
14%
Louis Cypher Angel Heart
11%
Archibald "Harry" Tuttle Brazil
11%
Rodrigo Mendoza Mission
11%
Jimmy Doyle New York New York
11%
Leonard Lowe L'éveil
9%
le lieutenant Moe Tilden Copland
6%
Gil Renard Le Fan
4%
Sam Ronin
4%
Carl Von Loon Limitless
3%
Mitch Preston Showtime
3%
Nick Wells The score
3%
Bill Sullivan Raisons d'Etat
1%
Aucun quiz correspondant
Distribution des résultats
% des personnes avec chaque résultat
Percentile par nombre de réponses
Votre historique - résultats
Vous n’avez pas pris ce quiz